000
00315nam a22001457a 4500
008
210609b ||||| |||| 00| 0 eng d
020
_a
9781260028607
041
_a
eng
080
_a
510
082
_a
510
100
_a
38
101
_a
MAT
245
_a
Topics in Algebra Math 1100
_c
Alpha Ba
942
_2
udc
_c
BK
999
_c
58103
_d
58103